| 000 | 01005nam a22002537a 4500 | ||
|---|---|---|---|
| 005 | 20170124103047.0 | ||
| 010 | _aA-563199 | ||
| 020 | _c80.00 | ||
| 035 | _aA-563199 | ||
| 037 | _bCen Lib/Ret | ||
| 040 |
_aDPL _bHN |
||
| 082 |
_aउ _bशरत |
||
| 100 |
_aशरत कुमार _969175 |
||
| 245 |
_aशिखर और सीमायें / _cशरत कुमार |
||
| 246 |
_aShikhar or seemayen / _bby Sharat Kumar |
||
| 260 |
_a दिल्ली _bपराग प्रकाशन _c1991 |
||
| 270 |
_a3/114, कर्ण गली, विश्वास अगर, शाहदरा _b दिल्ली _e110032 |
||
| 300 |
_a120पृ. _c19सेमी (सजिल्द ) |
||
| 650 |
_aहिंदी साहित्य _x _z _969176 |
||
| 650 |
_aहिंदी साहित्य _v _xउपन्यास _969177 |
||
| 650 |
_aHindi literature _969178 |
||
| 650 |
_aHindi literature _xfiction _969179 |
||
| 942 |
_2ddc _cHN _hउ _mशरत |
||
| 999 |
_c116947 _d116947 |
||